|
|
|
|
| LEADER |
00790nam a22002417a 4500 |
| 001 |
AAL7833 |
| 003 |
BD-DhAAL |
| 005 |
20160327103857.0 |
| 008 |
160327s 1997enk||||| |||| 00| 0 eng d |
| 020 |
|
|
|a 0340653612
|
| 040 |
|
|
|a BD-DhAAL
|c BD-DhAAL
|
| 082 |
|
|
|a 813/.54
|
| 100 |
|
|
|a Falconer, Colin
|9 18808
|
| 245 |
|
|
|a Disappeared /
|c Colin Falconer
|
| 260 |
|
|
|a London :
|b Hodder & Stoughton,
|c 1997.
|
| 300 |
|
|
|a 333 p. ;
|c 18 cm.
|
| 541 |
|
|
|e 7833
|
| 650 |
|
|
|a Terrorism
|v Fiction.
|9 18809
|
| 650 |
|
|
|a Terrorism
|9 18810
|
| 852 |
|
|
|a Savar Campus Library
|c General Shelf
|
| 942 |
|
|
|2 ddc
|c BK
|
| 999 |
|
|
|c 37230
|d 37230
|
| 952 |
|
|
|0 0
|1 0
|2 ddc
|4 0
|6 813_000000000000000__54_FAL
|7 0
|9 58522
|a SCL
|b SCL
|c GEN
|d 2016-03-27
|e Gift:
|l 3
|m 21
|o 813.54 FAL
|p 3020007833
|r 2018-12-07
|s 2018-09-26
|t 1
|w 2016-03-27
|y BK
|